Combustion / (Record no. 19058)

MARC details
000 -LEADER
fixed length control field 02057cam a22003498i 4500
001 - CONTROL NUMBER
control field 18293588
003 - CONTROL NUMBER IDENTIFIER
control field EG-ScBUE
005 - DATE AND TIME OF LATEST TRANSACTION
control field 20250715100321.0
008 - FIXED-LENGTH DATA ELEMENTS--GENERAL INFORMATION
fixed length control field 140908t2015 mau f 001 0 eng d
020 ## - INTERNATIONAL STANDARD BOOK NUMBER
International Standard Book Number 9780124079137
040 ## - CATALOGING SOURCE
Original cataloging agency DLC
Language of cataloging eng
Description conventions rda
Transcribing agency DLC
Modifying agency EG-ScBUE
082 04 - DEWEY DECIMAL CLASSIFICATION NUMBER
Classification number 541.361
Item number GLA
Edition number 22
100 1# - MAIN ENTRY--PERSONAL NAME
Personal name Glassman, Irvin,
Relator term author.
245 10 - TITLE STATEMENT
Title Combustion /
Statement of responsibility, etc Irvin Glassman, Princeton University, Richard A. Yetter, The Pennsylvania State University and Nick G. Glumac, University of Illinois at Urbana-Champaign.
250 ## - EDITION STATEMENT
Edition statement Fifth edition.
264 #1 - PUBLICATION, DISTRIBUTION, ETC. (IMPRINT)
Place of publication, distribution, etc Waltham, MA :
Name of publisher, distributor, etc Academic Press, Elsevier,
Date of publication, distribution, etc [2015]
264 #4 - PUBLICATION, DISTRIBUTION, ETC. (IMPRINT)
Date of publication, distribution, etc c2015
300 ## - PHYSICAL DESCRIPTION
Extent 757 pages ;
Dimensions 24 cm
336 ## - CONTENT TYPE
Source rdacontent
Content type term text
Content type code txt
337 ## - MEDIA TYPE
Media type term unmediated
Source rdamedia
Media type code n
338 ## - CARRIER TYPE
Carrier type term volume
Carrier type code nc
Source rdacarrier
500 ## - GENERAL NOTE
General note Includes index.
500 ## - GENERAL NOTE
General note Includes Appendices.<br/>
505 8# - FORMATTED CONTENTS NOTE
Formatted contents note Machine generated contents note: Chapter 1: Chemical Thermodynamics and Flame Temperatures Chapter 2: Chemical Kinetics Chapter 3: Explosive and General Oxidative Characteristics of Fuels Chapter 4: Flame Phenomena in Premixed Combustible Gases Chapter 5: Detonation Chapter 6: Diffusion Flames Chapter 7: Ignition Chapter 8: Environmental Combustion Considerations Chapter 9: Combustion of Nonvolatile Fuels Chapter 10: New Concepts and Technologies Appendices.
520 ## - SUMMARY, ETC.
Summary, etc "The parameters essential for the evaluation of combustion systems are the equilibrium product temperature and composition. If all the heat evolved in the reaction is employed solely to raise the product temperature, this temperature is called the adiabatic flame temperature. Because of the importance of the temperature and gas composition in combustion considerations, it is appropriate to review those aspects of the field of chemical thermodynamics that deal with these subjects"--
650 #7 - SUBJECT ADDED ENTRY--TOPICAL TERM
Topical term or geographic name as entry element Combustion.
Source of heading or term BUEsh
653 ## - INDEX TERM--UNCONTROLLED
Resource For college Engineering, Mechanical
Arrived date list March2015
655 ## - INDEX TERM--GENRE/FORM
Form subdivision Reading book
9 (RLIN) 34232
700 1# - ADDED ENTRY--PERSONAL NAME
Personal name Yetter, Richard A.,
Dates associated with a name 1952-
Relator term author.
700 1# - ADDED ENTRY--PERSONAL NAME
Personal name Glumac, Nick,
Relator term author.
942 ## - ADDED ENTRY ELEMENTS (KOHA)
Source of classification or shelving scheme Dewey Decimal Classification
Koha item type Book - Borrowing
Holdings
Withdrawn status Lost status Source of classification or shelving scheme Damaged status Not for loan Collection code Home library Current library Shelving location Date acquired Source of acquisition Cost, normal purchase price Total Checkouts Full call number Barcode Date last seen Cost, replacement price Koha item type
    Dewey Decimal Classification     Baccah Central Library Central Library First floor 17/03/2015 Purchase 480.00   541.361 GLA 000037594 15/07/2025 600.00 Book - Borrowing